Acciones de la 25 Cía del Ejército de República Dominicana para contrarrestar la inmigración ilegal en e municipio de Pedro Santana : (Registro nro. 8384)
[ vista simple ]
| 000 -CABECERA | |
|---|---|
| campo de control de longitud fija | 01816nam a2200265 4500 |
| 003 - IDENTIFICADOR DEL NÚMERO DE CONTROL | |
| campo de control | DO-SdBJH |
| 005 - FECHA Y HORA DE LA ÚLTIMA TRANSACCIÓN | |
| campo de control | 20250804193049.0 |
| 008 - DATOS DE LONGITUD FIJA--INFORMACIÓN GENERAL | |
| campo de control de longitud fija | 250804b2024 |||a|||| |||| 00| 0 spa d |
| 040 ## - FUENTE DE LA CATALOGACIÓN | |
| Centro catalogador/agencia de origen | DO-SdBJH |
| Lengua de catalogación | spa |
| Centro/agencia transcriptor | DO-SdBJH |
| 041 0# - CÓDIGO DE LENGUA | |
| Código de lengua del texto/banda sonora o título independiente | spa |
| 090 ## - LOCALMENTE ASIGNADO TIPO-LC NÚMERO DE CLASIFICACIÓN (OCLC); NÚMERO DE CLASIFICACIÓN LOCAL (RLIN) | |
| Número de clasificación (OCLC) (R) ; Numero de clasificación, CALL (RLIN) (NR) | TG AMBC |
| Número cutter local (OCLC) ; Número de libro/Signatura topográfica íntegra, CALL (RLIN) | 02457 2024 |
| 100 1# - ENTRADA PRINCIPAL--NOMBRE DE PERSONA | |
| Nombre de persona | Alcántara Montero, Harvey Hamlet |
| Término indicativo de función/relación | sustentante |
| 245 10 - MENCIÓN DE TÍTULO | |
| Título | Acciones de la 25 Cía del Ejército de República Dominicana para contrarrestar la inmigración ilegal en e municipio de Pedro Santana : |
| Resto del título | período 2022-2023 / |
| Mención de responsabilidad, etc. | Harvey Hamlet Alcántara Montero, Christopher Lorenzo Luciano ; asesor de contenido Jorge A. De La Paz Beltré ; asesor metodológico Marcos Mateo Capellán. |
| 260 ## - PUBLICACIÓN, DISTRIBUCIÓN, ETC. | |
| Lugar de publicación, distribución, etc. | Santo Domingo, República Dominicana : |
| Nombre del editor, distribuidor, etc. | UNADE, |
| Fecha de publicación, distribución, etc. | 2024. |
| 300 ## - DESCRIPCIÓN FÍSICA | |
| Extensión | x, 60 páginas : |
| Otras características físicas | mapas. |
| 500 ## - NOTA GENERAL | |
| Nota general | Incluye glosario. |
| 502 ## - NOTA DE TESIS | |
| Nota de tesis | Tesis y trabajo de grado (Licenciatura en Ciencias Militares) -- Universidad Nacional para la Defensa "General Juan Pablo Duarte y Díez", 2024. |
| 504 ## - NOTA DE BIBLIOGRAFÍA, ETC. | |
| Nota de bibliografía, etc. | Incluye referencias bibliográficas y anexos. |
| 505 ## - NOTA DE CONTENIDO CON FORMATO | |
| Nota de contenido con formato | Antecedentes históricos de la 25 Cía. del 11avo batallón de Infantería del Ejército de República Dominicana -- Causa y los factores que contribuyen a la Inmigración ilegal en el municipio de Pedro Santana --Acciones implementadas por la 25 Cía. del Ejército de República Dominicana para contrarrestar la inmigración ilegal en el municipio de Pedro Santana Durante el período 2022-2023. |
| 700 1# - PUNTO DE ACCESO ADICIONAL--NOMBRE DE PERSONA | |
| Término indicativo de función/relación | sustentante |
| Nombre de persona | Lorenzo Luciano, Christopher |
| 700 1# - PUNTO DE ACCESO ADICIONAL--NOMBRE DE PERSONA | |
| Término indicativo de función/relación | asesor de contenido |
| Nombre de persona | De La Paz Beltré, Jorge A. |
| 700 1# - PUNTO DE ACCESO ADICIONAL--NOMBRE DE PERSONA | |
| Término indicativo de función/relación | asesor metodológico |
| Nombre de persona | Mateo Capellán, Marcos |
| 830 ## - PUNTO DE ACCESO ADICIONAL DE SERIE-TÍTULO UNIFORME | |
| Título uniforme | Tesis y disertaciones académicas (Universidad Nacional para la Defensa "General Juan Pablo Duarte y Díez"). Academia Militar "Batalla De Las Carreras" |
| 9 (RLIN) | 24 |
| 942 ## - ELEMENTOS DE PUNTO DE ACCESO ADICIONAL (KOHA) | |
| Fuente del sistema de clasificación o colocación | Clasificación Local |
| Tipo de ítem Koha | Tesis |
| Estado de retiro | Estado de pérdida | Fuente del sistema de clasificación o colocación | Estado dañado | No para préstamo | Código de colección | Localización permanente | Ubicación/localización actual | Ubicación en estantería | Fecha de adquisición | Número de inventario | Total de préstamos | Signatura topográfica completa | Código de barras | Fecha visto por última vez | Número de copia | Precio válido a partir de | Tipo de ítem Koha |
|---|---|---|---|---|---|---|---|---|---|---|---|---|---|---|---|---|---|
| Clasificación Local | Trabajos de Grado e Investigción | SIBM UNADE - Biblioteca Sede Central | SIBM UNADE - Biblioteca Sede Central | En estantería | 08/04/2025 | 24-02457 | TG AMBC 02457 2024 | 24-02457 | 08/04/2025 | 1 | 08/04/2025 | Tesis |
